Guess the Original Country based on the Mashed up Flag - Statistics

General Stats
  • This quiz has been taken 105 times
  • The average score is 7 of 14
Answer Stats
Hint Answer % Correct
Morocco
88%
Slovakia
87%
Uruguay
85%
United States
81%
Turkmenistan
63%
Mozambique
51%
New Zealand
50%
Eritrea
44%
Tanzania
40%
Bulgaria
29%
Afghanistan
24%
Bahrain
9%
Chile
9%
Monaco
5%
No matching quizzes found
Score Distribution
Percent of People with Each Score
Percentile by Number Answered
Your Score History
You have not taken this quiz